Pirates & smugglers / (Record no. 3994)

MARC details
000 -LEADER
fixed length control field 01936cam a22003854a 4500
001 - CONTROL NUMBER
control field 3994
003 - CONTROL NUMBER IDENTIFIER
control field FISKH
005 - DATE AND TIME OF LATEST TRANSACTION
control field 20240529134343.0
008 - FIXED-LENGTH DATA ELEMENTS--GENERAL INFORMATION
fixed length control field 050314s2005 maua j 001 0 eng
010 ## - LIBRARY OF CONGRESS CONTROL NUMBER
LC control number 2005007406
020 ## - INTERNATIONAL STANDARD BOOK NUMBER
International Standard Book Number 9780753458648
020 ## - INTERNATIONAL STANDARD BOOK NUMBER
International Standard Book Number 0753458640
040 ## - CATALOGING SOURCE
Original cataloging agency DLC
Transcribing agency DLC
Modifying agency DLC
Language of cataloging eng
042 ## - AUTHENTICATION CODE
Authentication code pcc
050 00 - LIBRARY OF CONGRESS CALL NUMBER
Classification number G535
Item number .B94 2005
082 00 - DEWEY DECIMAL CLASSIFICATION NUMBER
Classification number 910.4/5
Edition number 22
100 1# - MAIN ENTRY--PERSONAL NAME
Personal name Butterfield, Moira
Dates associated with a name 1960-
245 10 - TITLE STATEMENT
Title Pirates & smugglers /
Statement of responsibility, etc. Moira Butterfield ; foreword by Stephen Bligh.
246 3# - VARYING FORM OF TITLE
Title proper/short title Pirates and smugglers
260 ## - PUBLICATION, DISTRIBUTION, ETC.
Place of publication, distribution, etc. Boston :
Name of publisher, distributor, etc. Kingfisher,
Date of publication, distribution, etc. 2005.
300 ## - PHYSICAL DESCRIPTION
Extent 63 pages :
Other physical details color illustrations, maps ;
Dimensions 28 cm
440 #0 - SERIES STATEMENT/ADDED ENTRY--TITLE
Title Kingfisher knowledge
500 ## - GENERAL NOTE
General note Includes index.
520 ## - SUMMARY, ETC.
Summary, etc. Explores the colorful history of piracy and smuggling, including the Golden Age of buccaneers, Prohibition-era rumrunners, and endangered wildlife kidnapping. Pirates and Smugglers is a swashbuckling introduction to the highwaymen and women of the seas-from the cruel Cilician pirates who terrorized the Mediterranean more than 2,000 years ago to the well-organized and ruthless modern-day buccaneers who target supertankers on the South China Sea-and the loot they plunder and smuggle.
650 #0 - SUBJECT ADDED ENTRY--TOPICAL TERM
Topical term or geographic name entry element Pirates
Form subdivision Juvenile literature.
650 #0 - SUBJECT ADDED ENTRY--TOPICAL TERM
Topical term or geographic name entry element Smuggling
Form subdivision Juvenile literature.
650 #0 - SUBJECT ADDED ENTRY--TOPICAL TERM
Topical term or geographic name entry element Privateering
Form subdivision Juvenile literature.
650 #0 - SUBJECT ADDED ENTRY--TOPICAL TERM
Topical term or geographic name entry element Smugglers
Form subdivision Juvenile literature.
856 41 - ELECTRONIC LOCATION AND ACCESS
Materials specified Table of contents only
Uniform Resource Identifier <a href="http://www.loc.gov/catdir/toc/ecip059/2005007406.html">http://www.loc.gov/catdir/toc/ecip059/2005007406.html</a>
856 42 - ELECTRONIC LOCATION AND ACCESS
Materials specified Publisher description
Uniform Resource Identifier <a href="http://www.loc.gov/catdir/enhancements/fy0622/2005007406-d.html">http://www.loc.gov/catdir/enhancements/fy0622/2005007406-d.html</a>
856 42 - ELECTRONIC LOCATION AND ACCESS
Materials specified Contributor biographical information
Uniform Resource Identifier <a href="http://www.loc.gov/catdir/enhancements/fy0736/2005007406-b.html">http://www.loc.gov/catdir/enhancements/fy0736/2005007406-b.html</a>
906 ## - LOCAL DATA ELEMENT F, LDF (RLIN)
a 7
b cbc
c orignew
d 1
e ecip
f 20
g y-gencatlg
942 ## - ADDED ENTRY ELEMENTS (KOHA)
Source of classification or shelving scheme Dewey Decimal Classification
Koha item type Books
Suppress in OPAC No
Holdings
Withdrawn status Lost status Source of classification or shelving scheme Damaged status Not for loan Collection Home library Current library Shelving location Date acquired Total Checkouts Full call number Barcode Date last seen Price effective from Koha item type
    Dewey Decimal Classification     Non-Fiction Footprints International School Library Network Toul Kork Campus Footprints International School Library Network Toul Kork Campus A TK Campus, 4th Floor, Room B401, Non-Fiction Bookcases(7-8) 05/29/2024   BUT 910.4 G535.B94 2024-0748 05/29/2024 05/29/2024 Books